| 000 | 00510nam a22001817a 4500 | ||
|---|---|---|---|
| 003 | OSt | ||
| 005 | 20251201151705.0 | ||
| 008 | 251201b |||||||| |||| 00| 0 eng d | ||
| 020 | _a621-400-048-1 | ||
| 040 |
_aDWCL - Main _cOC |
||
| 082 | _aF L351p 2020 | ||
| 100 |
_aLata, Tina _eAuthor |
||
| 245 |
_aPolaris : _bThe Enchanted Book / _cTina Lata |
||
| 260 |
_aMandaluyong City: _bSummit Books, _cc2020. |
||
| 300 |
_a289 pages; _billustration; _c20cm. |
||
| 650 | _a1. Fiction -- Novel | ||
| 942 |
_2ddc _cFIC. _n0 |
||
| 999 |
_c6670 _d6670 |
||